LEADER 01702nam a2200337 u 4500 001 000000020669 003 CaOOAMICUS 005 20070226110927.0 008 940517s1982 it u000 u fre u 035 $a10506021 040 $aBAV$bita$dPUL(R) 100 1 $aPérisset, Jean-Claude.$0(OLS)http://pul/name/17932 245 10$aCuré et presbytérium paroissial :$banalyse de Vatican II pour une adaptation des normes canoniques du prêtre en paroisse /$cJean-Claude Périsset. 260 $aRoma :$bUniversità Gregoriana,$c1982. 300 $axxxvii, 450 p. ;$c24 cm 490 1 $aAnalecta Gregoriana ;$v227 490 1 $aAnalecta Gregoriana., Series Facultatis Iuris Canonici.$aSectio B ;$v46 500 $aComprende indici. 502 $aDiss. -- Pontificia Università Gregoriana (Roma) 504 $aBibliografia: p. xxiii-xxxvii. 650 4$aCura pastorale.$0(OLS)http://pul/subject/13596 710 2 $aPontificia Università Gregoriana.$0(OLS)http://pul/name/147 830 0$aAnalecta Gregoriana ;$v227.$0(OLS)http://pul/title/183 830 0$aAnalecta Gregoriana.$pSeries Facultatis Iuris Canonici.$nSectio B ;$v46.$0(OLS)http://pul/title/2871 850 $aPUL 852 $aPUL$W1$xSL Religione 2$y84$mTheol A1 227$j29056$nBK-PRI$b $qStampati altre collocazioni$B29056$CPULBib$Z2$F29056 $H $81 910 $aPontificia Universitas Gregoriana$9147 941 1 $a10 961 $aINV: 60638 996 $6245$aCuré et presbytérium paroissial :$banalyse de Vatican II pour une adaptation des normes canoniques du prêtre en paroisse$9(OLS)http://pul/title/29054 996 $6260$aRoma :$bUniversità Gregoriana$9(OLS)http://pul/publisher/48400 LEADER 01498nam a2200289 u 4500 001 000000111139 003 CaOOAMICUS 005 20080414111920.0 008 080414s2007 it u000 u ita u 020 $z978-88-217-2676-7* 040 $aPUL$bita$dLDB 041 0 $aita$aspa$afre 245 00$aFamiglia e diritto: profili evolutivi di un rapporto complesso :$batti del convegno tenutosi a Salerno il 6 e 7 ottobre 2006 /$cR. Aluffi Beck Peccoz ... [et al.]. 260 $aMilano :$bIpsoa,$c2007. 300 $a341 p. ;$c24 cm. 490 1 $aNotariato: rassegna sistematica di diritto e tecniche contrattuali.$aQuaderni ;$v19 504 $aInclude riferimenti bibliografici. 546 $aTesti in italiano, spagnolo e francese. 650 14$aFamiglia (diritto).$0(OLS)http://pul/subject/1842 700 1 $aAluffi Beck-Peccoz, Roberta.$0(OLS)http://pul/name/34751 830 0$aNotariato: rassegna sistematica di diritto e tecniche contrattuali.$pQuaderni ;$v19.$0(OLS)http://pul/title/139728 850 $aPUL 852 $aPUL$W1$xSL Diritto e Scienze Sociali 3$y79$m346. 45 IPSOA 1$j127418$qDDC 21$B126116$CPULBib$Z2$F126116 $H107034 $82 941 1 $a9 996 $6020$z978-88-217-2676-7*$9(OLS)http://pul/number/137681 996 $6245$aFamiglia e diritto: profili evolutivi di un rapporto complesso :$batti del convegno tenutosi a Salerno il 6 e 7 ottobre 2006$9(OLS)http://pul/title/139727 996 $6260$aMilano :$bIpsoa$9(OLS)http://pul/publisher/67046